| 000 | 02706cam a2200457 a 4500 | ||
|---|---|---|---|
| 001 | 13797163 | ||
| 003 | BJBSDDR | ||
| 005 | 20260430190114.0 | ||
| 006 | a|||||r|||| 00| 0 | ||
| 007 | ta | ||
| 008 | 041123s2004 nyuaf rb 001 0 eng d | ||
| 010 | _a 2004304521 | ||
| 020 |
_a0060515066 _qalk. paper |
||
| 020 |
_a9780060515065 _q(alk. paper) |
||
| 035 | _a13797163 | ||
| 035 | _a(OCoLC)56204300 | ||
| 040 |
_aBKL _cBKL _dWIQ _dDPL _dTXA _dDLC _beng |
||
| 041 | _aeng | ||
| 042 | _alccopycat | ||
| 043 | _an-us-ny | ||
| 050 | 0 | 0 |
_aGV875.N4 _bO51l 2004 |
| 082 | 0 | 4 |
_a796.357/64/097471 _222 |
| 100 | 1 |
_aOlney, Buster., _d1964- _948247 |
|
| 245 | 1 | 4 |
_aThe last night of the Yankee dynasty : _bthe game, the team, and the cost of greatness / _cBuster Olney. |
| 250 | _a1st ed. | ||
| 260 |
_aNew York, NY : _bEcco, _cc2004. |
||
| 300 |
_a346 pages, [16] p. of plates : _billustrations ; _c24 cm. |
||
| 336 |
_atext _btxt _2rdacontent |
||
| 337 |
_aunmediated _bn _2rdamedia |
||
| 338 |
_avolume _bnc _2rdacarrier |
||
| 504 | _aIncludes bibliographical references (p. 328-329) and index. | ||
| 520 | _aFor an extraordinary handful of years around the turn of the millennium, the Yankees were baseball's unstoppable force. With four World Series championships in five seasons and a deep bench of legends and comers -- Clemens, Rivera, Williams, Soriano, Jeter, O'Neill -- they dominated the major leagues. For the members of the team, though, baseball Yankees-style was a pressure cooker of anxiety, expectation, and infighting. As the spending and emotion spiraled, careers were made and broken, friendships began and ended, and a sports dynasty rose and fell. In The Last Night of the Yankee Dynasty, Buster Olney tracks the Yankees through these tumultuous seasons and into the scandals and disappointments of 2004, providing insightful portraits of the stars, the foot soldiers, the coaches, the manager, and the Boss himself. With unparalleled knowledge of the game and an insider's familiarity with the team, Olney also advances a compelling argument that the philosophy that made the Yankees great was inherently unsustainable, ultimately harmful to the sport, and led inevitably to that warm autumn night in Arizona -- the last night of the Yankee dynasty. | ||
| 600 | 1 | 0 |
_aSteinbrenner, George M. _q(George Michael), _d1930-2010. |
| 610 | 2 | 0 |
_aNew York Yankees (Baseball team) _xManagement. |
| 650 | 0 |
_aNew York Yankees (Baseball team) _xFinance. |
|
| 906 |
_a7 _bcbc _ccopycat _d2 _encip _f20 _gy-gencatlg |
||
| 942 |
_2lcc _n0 _cBK |
||
| 946 | _illh | ||
| 999 |
_c126983 _d126983 |
||